Central Library OPAC University of Rajshahi

Crystallography Applied to Solid State Physics. / (Record no. 55221)

MARC details
000 -LEADER
fixed length control field 00713nam a2200241 a 4500
001 - CONTROL NUMBER
control field 55221
003 - CONTROL NUMBER IDENTIFIER
rucl marc code BD-RjUL
005 - DATE AND TIME OF LATEST TRANSACTION
control field 20211209080232.0
008 - FIXED-LENGTH DATA ELEMENTS--GENERAL INFORMATION
fixed length control field 161115r2001 ii ||||| |||| 00| 0 eng d
020 ## - INTERNATIONAL STANDARD BOOK NUMBER
International Standard Book Number 8122403212
035 ## - SYSTEM CONTROL NUMBER
System control number (BD-RjUL)55343)
040 ## - CATALOGING SOURCE
Original cataloging agency BD-RjUL
Language of cataloging eng
Transcribing agency BD-RjUL
041 ## - LANGUAGE CODE
Language code of text/sound track or separate title eng
082 ## - DEWEY DECIMAL CLASSIFICATION NUMBER
Edition number 23
Classification number 531.7
Author mark and year VEC 2001
100 10 - MAIN ENTRY--PERSONAL NAME
Personal name Verma, A. R
9 (RLIN) 164524
245 ## - TITLE STATEMENT
Title Crystallography Applied to Solid State Physics. /
Statement of responsibility, etc. A R Verma, O.N Srivastava
250 ## - EDITION STATEMENT
Edition statement 2nd ed.
260 ## - PUBLICATION, DISTRIBUTION, ETC. (IMPRINT)
Place of publication, distribution, etc. New Delhi, India :
Name of publisher, distributor, etc. New Age International,
Date of publication, distribution, etc. 1991[Reprinted 2001]
300 ## - PHYSICAL DESCRIPTION
Pagination 464 p. :
Illustrations ill, ;
Size 22 cm
650 ## - SUBJECT ADDED ENTRY--TOPICAL TERM
Topical term or geographic name as entry element Solid state physics
9 (RLIN) 119295
700 ## - ADDED ENTRY--PERSONAL NAME
Personal name Srivastava, O.N
942 ## - ADDED ENTRY ELEMENTS (KOHA)
Source of classification or shelving scheme Dewey Decimal Classification
Koha item type Books
Holdings
Lost status Source of classification or shelving scheme Damaged status Not for loan Collection code Permanent Location Current Location Shelving location Date acquired Source of acquisition Cost, normal purchase price Total Checkouts Full call number Date last seen Copy number Koha item type
  Dewey Decimal Classification     Non-fiction Central Library, University of Rajshahi Central Library, University of Rajshahi   24/05/2008 dhaka, paragon Enterprice ltd. 265.00   531.7 VEC 2001 15/11/2016 C-2 Books
  Dewey Decimal Classification   Not For Loan Non-fiction Central Library, University of Rajshahi Central Library, University of Rajshahi Reading Room 25/05/2008 Dhaka, Paragon Enterprise ltd. 265.00   531.7 VEC 1997 30/03/2017 C-1 Books